Science Quiz

Random Science or Animal Quiz

Most Intelligent Animals Quiz Stats

 Plays Quiz not verified by Sporcle

Challenge
Share
Tweet
Embed
Score 0/25 Timer 06:00
0 Plays Today
Animal % Correct
Dolphins
88.3%
Dogs
86.7%
Cats
85%
Whales
73.3%
Chimpanzee
70%
Elephants
70%
Pigs
66.7%
Parrot
58.3%
Horses
58.3%
Rats
45%
Crows
40%
Orangutans
40%
Squirrels
36.7%
Animal % Correct
Sheep
36.7%
Owls
35%
Octopus
30%
Ants
30%
Spiders
30%
Raccoons
26.7%
Baboons
21.7%
Squid
18.3%
Pigeons
16.7%
Falcons
15%
Rhesus Monkeys
6.7%
Sea Lions
6.7%

You're not logged in!

Compare scores with friends on all Sporcle quizzes.
OR
Log In

You Might Also Like...

Show Comments

Extras

Top Quizzes Today


Score Distribution

Your Account Isn't Verified!

In order to create a playlist on Sporcle, you need to verify the email address you used during registration. Go to your Sporcle Settings to finish the process.

Report this User

Report this user for behavior that violates our Community Guidelines.

Details: